| 000 | 01512cam a22003974i 4500 | ||
|---|---|---|---|
| 003 | PE-LiUPU | ||
| 005 | 20250731175629.0 | ||
| 008 | 150623s2001 ck a r 000 0 d | ||
| 020 | _a9589149901 | ||
| 035 | _a(Sirsi) i9789589149904 | ||
| 040 |
_aPE-LiUPU _bspa _cPE-LiUPU _erda |
||
| 049 | _aPRUA | ||
| 082 | 0 | 4 |
_a492.4 _bS21 _221 |
| 100 | 1 |
_aSanford Lasor, William, _eautor. |
|
| 245 | 1 | 0 |
_aManual de hebreo bíblico. _n2 / _cSanford Lasor, William. |
| 264 | 1 |
_aBogotá, Colombia : _bCentros de Literatura Cristiana, _c2001. |
|
| 300 |
_a406 páginas : _bilustraciones tablas, gráficos ; _c25 centímetros |
||
| 336 |
_atext _2rdacontent |
||
| 337 |
_aunmediated _2rdamedia |
||
| 338 |
_avolume _2rdacarrier |
||
| 505 | 0 | _aFonología -- Morfología -- Sintaxis -- Tablas y paradigmas. | |
| 526 | _aP145 | ||
| 526 | _aP127 | ||
| 526 | _aP97 | ||
| 526 | _aP35 | ||
| 526 | _aP14 | ||
| 526 | _aP07 | ||
| 630 |
_aBiblia. _pA.T. _pEsther. _lHebreo. |
||
| 650 | 0 | 4 |
_aHebreo bíblico _xGramática _vManuales. |
| 942 |
_2ddc _cBOOK |
||
| 949 |
_a492.4 S21 2 _wDEWEY _c1 _i53472 _d2016-4-11 _e2016-4-6 _lCCODEBUL1 _mBUL _n2 _p37.00 _r0 _sY _tBOOK _u2015-6-24 _xTEOLOGIA _PP35 _0COMPRA _o.STAFF. Colección Teología |
||
| 994 |
_aC0 _bPEPRU |
||
| 596 | _a1 | ||
| 999 |
_a492.4 S21 2 _wDEWEY _c35447 _i53472 _d35447 _e2019-8-12 _f2021-11-11 _g5 _lCCODEBUL1 _mBUL _n4 _p37.00 _q16 _r0 _sY _tBOOK _u2015-6-24 _xTEOLOGIA _PP35 _0COMPRA _o.STAFF. Colección Teología |
||
| 980 |
_81 _gALBERTO SANCHEZ Responsable de Automatización |
||